LEADER 02764oam 2200649 n 450 001 9910424951603321 005 20231128181300.0 010 $a979-1-03-656692-9 035 $a(CKB)4100000011586257 035 $a(FrMaCLE)OB-obp-15994 035 $a(PPN)255350309 035 $a(EXLCZ)994100000011586257 100 $a20210406j|||||||| ||| 0 101 0 $aeng 135 $auu||||||m|||| 200 04$aThe Atheist?s Bible $eDiderot and the Éléments de physiologie /$fCaroline Warman 210 $aCambridge $cOpen Book Publishers $d2021 215 $a1 online resource (x-432 p.) 311 18$a1-78374-896-6 330 $a?Love is harder to explain than hunger, for a piece of fruit does not feel the desire to be eaten?: Denis Diderot?s Éléments de physiologie presents a world in flux, turning on the relationship between man, matter and mind. In this late work, Diderot delves playfully into the relationship between bodily sensation, emotion and perception, and asks his readers what it means to be human in the absence of a soul. The Atheist?s Bible challenges prevailing scholarly views on Diderot?s Éléments, asserting its contemporary philosophical importance and prompting its readers to inspect more closely this little-known and little-studied work. This book is accompanied by a digital edition of Jacques-André Naigeon?s Mémoires historiques et philosophiques sur la vie et les ouvrages de Denis Diderot (1823), a work which, Warman argues, represents the first publication of Diderot?s Éléments, long before its official publication date of 1875. The Atheist?s Bible constitutes a major contribution to the field of Diderot studies, and is of further interest to scholars and students of materialist natural philosophy in the Age of Enlightenment and beyond. 517 0 $aAtheist's Bible 606 $aLiterature (General) 606 $aperception 606 $aEnlightenment 606 $aphilosophy 606 $amind 606 $anature 606 $aDiderot 606 $aman 606 $amatter 606 $abody 606 $aemotion 606 $ahuman 606 $asoul 606 $amaterialism 606 $aNaigeon 615 4$aLiterature (General) 615 4$aperception 615 4$aEnlightenment 615 4$aphilosophy 615 4$amind 615 4$anature 615 4$aDiderot 615 4$aman 615 4$amatter 615 4$abody 615 4$aemotion 615 4$ahuman 615 4$asoul 615 4$amaterialism 615 4$aNaigeon 700 $aWarman$b Caroline$0441850 801 0$bFR-FrMaCLE 906 $aBOOK 912 $a9910424951603321 996 $aThe Atheist?s Bible$93360872 997 $aUNINA LEADER 02065nam 2200385 450 001 9910132619103321 005 20240206104254.0 010 $a1-4123-6353-5 024 7 $a10.1522/030084993 035 $a(CKB)3680000000165520 035 $a(NjHacI)993680000000165520 035 $a(EXLCZ)993680000000165520 100 $a20240206d2008 uy 0 101 0 $afre 135 $aur||||||||||| 181 $ctxt$2rdacontent 182 $cc$2rdamedia 183 $acr$2rdacarrier 200 10$aDe l'un au multiple et vice versa? $eessai sur le multipartisme au Se?ne?gal (1974-1996) /$fAntoine Tine 210 1$aChicoutimi :$cJ.-M. Tremblay,$d2008. 215 $a1 online resource (74 pages) 225 1 $aClassiques des sciences sociales ;$v3277 327 $aQuid ? -- I. Construction politico-constitutionnelle d'une de?mocratisation -- 1. De l'e?poque coloniale aux lendemains des inde?pendances. -- 2. De SENGHOR a? DIOUF ou les ruses d'un pluralisme unitaire. -- II. "La Geste" du multipartisme -- 1. De l'arithme?tique et de la logique du partisan -- 1 L'absence d'une strate?gie claire d'opposition -- 2 La querelle de leadership et de repre?sentativite? -- 2. La rue et les urnes : chroniques e?lectorales. -- 1 Les e?lections de 1978 (26 fe?vrier 1978) -- 2 Les e?lections de 1983 (27 fe?vrier 1983) -- 3 Les e?lections de 1988 (27 fe?vrier 1988) -- 4 Les e?lections de 1993 (fe?vrier 1993) -- 3. Difficile alternance -- 1 L'ini (e?)quite? du jeu e?lectoral -- 2 La non-visibilite? de projets alternatifs de socie?te? -- 3 Le de?ficit de citoyennete? -- Et alors ? -- Re?fe?rences bibliographiques 410 0$aClassiques des sciences sociales ;$v3277. 517 $aDe l'un au multiple et vice versa? 606 $aConstitutional law$zAfrica 615 0$aConstitutional law 676 $a342.6 700 $aTine$b Antoine$0875659 801 0$bNjHacI 801 1$bNjHacl 906 $aBOOK 912 $a9910132619103321 996 $aDe l'un au multiple et vice versa$93910549 997 $aUNINA LEADER 02086nas 2200697-a 450 001 9910131198103321 005 20260224110035.0 011 $a1951-6398 035 $a(DE-599)ZDB2275816-1 035 $a(CKB)110978978957476 035 $a(CONSER)--2004243430 035 $a(DE-599)2275816-1 035 $a(EXLCZ)99110978978957476 100 $a19981016a19889999 --- - 101 0 $afre 181 $ctxt$2rdacontent 182 $cc$2rdamedia 183 $acr$2rdacarrier 200 00$aDouleur et analgésie 210 $aGenève $cEditions Médecine et hygiène$d©1988- 210 21$a[Cachan Cedex, France] :$cLavoisier 210 31$aArcueil, France :$cJohn Libbey Eurotext 215 $a1 online resource 300 $aRefereed/Peer-reviewed 311 08$aPrint version: Douleur et analgésie. 1011-288X (DLC) 2004243430 (OCoLC)55633455 531 $aDOULEUR ANALG 606 $aPain$xTreatment$vPeriodicals 606 $aAnalgesia$vPeriodicals 606 $aAnalgesia 606 $aPain Management 606 $aAnalgesia 606 $aDouleur$xTraitement$vPériodiques 606 $aAnalgésie$vPériodiques 606 $aAnalgésie 606 $aAnalgesia$2fast$3(OCoLC)fst00808269 606 $aPain$xTreatment$2fast$3(OCoLC)fst01050415 606 $aAnalgèsia$2thub 606 $aTractament del dolor$2thub 606 $aMedicina del dolor$2thub 608 $aPeriodical. 608 $aPeriodicals.$2fast 608 $aPeriodicals.$2lcgft 608 $aRevistes electròniques.$2thub 615 0$aPain$xTreatment 615 0$aAnalgesia 615 0$aAnalgesia. 615 12$aPain Management. 615 22$aAnalgesia. 615 6$aDouleur$xTraitement 615 6$aAnalgésie 615 6$aAnalgésie. 615 7$aAnalgesia. 615 7$aPain$xTreatment. 615 7$aAnalgèsia 615 7$aTractament del dolor 615 7$aMedicina del dolor 906 $aJOURNAL 912 $a9910131198103321 920 $aexl_impl conversion 996 $aDouleur et analgésie$92229566 997 $aUNINA